000 01025nam0a22002771 4500
001 rc\4915468
005 20250613040355.0
021 _aRU
_b[65-8202]
035 _a(NLR Aleph) 008937816
090 _a8926479
_c8926479
100 _a20130426d1964 |||y0rusy50 ca
101 0 _arus
102 _aRU
105 _ay z |||||
200 1 _aНекоторые вопросы теории и теплового расчета автотракторных двигателей
_fГруз. ордена Трудового Красного Знамени с.-х. ин-т
210 _aТбилиси
_cБ. и.
_d1964
215 _a214 с.
_cграф.
_d25
320 _aБиблиогр.: с. 210-212 (69 назв.)
606 _aАвтомобильные двигатели
_xРасчет
_2psbo
606 _aТракторные двигатели
_xРасчет
_2psbo
700 1 _aХантадзе
_bГ.А.
801 0 _aRU
_bNLR
_gpsbo
801 1 _aRU
_bELAR
_2rusmarc
852 _aNLR
_j65-7/348
942 _cBOOK
980 _aNB